000 00428nam a2200181Ia 4500
001 4758
005 20260306145819.0
008 260306t2001||||xx |||||||||||||| ||spa||
041 _aESP
082 _a330.015195
_bP95
100 _aPulido San Román, Antonio
_eAUT
245 0 _aModelos econométricos
260 _c2001
300 _a813 páginas :
_c24 cm.
650 _aGEN
654 _aCAN
942 _cLIB
_dJUS
_fJUS
_2ddc
_n
999 _c4758
_d4758